NBA famous jerseys - Statistics

General Stats
  • This quiz has been taken 2,710 times
  • The average score is 17 of 26
Answer Stats
Hint Answer % Correct
Chicago Bulls jersey No. 23 - 1990. Michael Jordan
99%
Detroit Pistons jersey No. 11 - 1989. Isiah Thomas
89%
Chicago Bulls jersey No. 33 - 1996. Scottie Pippen
87%
Chicago Bulls jersey No. 91 - 1997. Dennis Rodman
85%
Miami Heat jersey No. 3 - 2006 Dwyane Wade
84%
Los Angeles Lakers jersey No.8 - 2000. Kobe Bryant
84%
Miami Heat jersey No. 6 - 2012. LeBron James
83%
San Antonio Spurs jersey No. 21 - 2003. Tim Duncan
83%
Oklahoma City Thunder jersey No. 35 - 2014. Kevin Durant
82%
Orlando Magic jersey No.32 - 1992. Shaquille O'Neal
82%
Portland Trail Blazers jersey No. 22 - 1991. Clyde Drexler
80%
New Jersey Nets jersey No. 5 - 2002. Jason Kidd
77%
San Antonio Spurs jersey No. 9 - 2005. Tony Parker
74%
Houston Rockets jersey No.34. - 1994 Hakeem Olajuwon
72%
Boston Celtics jersey No. 34. - 2008. Paul Pierce
70%
Orlando Magic jersey No. 1 - 1995. Anfernee Hardaway
67%
Philadelphia 76ers jersey No. 3 - 2001. Allen Iverson
61%
Los Angeles Lakers jersey No.16. - 2009. Pau Gasol
58%
Dallas Mavericks jersey No. 41. - 2011. Dirk Nowitzki
56%
San Antonio Spurs jersey No.50 - 1999. David Robinson
55%
Houston Rockets jersey No. 11. - 2010. Yao Ming
49%
Chicago Bulls jersey No. 7 - 1998. Toni Kukoc
48%
Miami Heat jersey No. 34. - 2013. Ray Allen
39%
Detroit Pistons jersey No 1. - 2004. Chauncey Billups
37%
New Jersey Nets jersey No.3 - 1993. Drazen Petrovic
24%
San Antonio Spurs jersey No. 5 - 2007. Robert Horry
19%
No matching quizzes found
Score Distribution
Percent of People with Each Score
Percentile by Number Answered
Your Score History
You have not taken this quiz